000 00572nam a2200205Ia 4500
005 20250923145704.0
008 008 250917s9999 xx 000 0 eng d
037 _aTextual
040 _aDSWL
_beng
_cDSWL
041 _aeng
_2eng
084 _aL7:4:691, N78
_qDSWL
100 _aPelletier, K.R.
_9837963
245 0 _aMind as Healer mindas slayer
_c by K.R.Pelletier
260 _aLondon
_bGeorge Allen
_c1978
300 _axv,366 p.
365 _aGBP
_b5.95
925 _g5.95
942 _cTEXL
_hL7:4:691, N78
999 _c1454379
_d1454379